000 00535nam a2200181 4500
999 _c171357
_d171357
005 20200110141720.0
010 _aENG-127311
020 _a9789352101382
_c110.00
035 _aEN-110843
037 _bDBAD/PUB
082 _a181.499
100 _aNIRODBARAN
245 _aSri Aurobindo for all ages :
_ca biography
_bby Nirodbaran /
260 _aPondicherry
_bAri Aurobindo Ashram
_c2017
270 _aAri Aurobindo Ashram
_bPondicherry
_e605002
300 _a245p.
_c22cm(pbk)
942 _2ddc
_cEN
_h181.499
_mNIR